Movies Quiz

Random Movies Quiz

Space Movies by movie poster Quiz Stats

 Plays Quiz not verified by Sporcle

Support Sporcle.
Go Orange.
Score 0/14 Timer 04:00
0 Plays Today
No. Movie Title % Correct
4Apollo 13
92.4%
8Armageddon
81.7%
1Space Cowboys
73.3%
11Contact
64.7%
9Red Planet
52.8%
6Deep Impact
50.4%
5October Sky
50%
No. Movie Title % Correct
12The Right Stuff
43.8%
10Mission to Mars
37.5%
13The Astronaut's Wife
36.7%
3The Astronaut Farmer
29.9%
7Space Camp
19.4%
2Capricorn One
12.6%
14Marooned
11.7%

You're not logged in!

Compare scores with friends on all Sporcle quizzes.
OR
Log In

From the Vault

'R' TV Shows by Cast Photo

by lolshortee

Generally considered the best TV shows by pirates everywhere.
Remove Ads.
Support Sporcle.
Get the best of Sporcle when you Go Orange. This ad-free experience offers more features, more stats, and more fun while also helping to support Sporcle. Thank you for becoming a member.

Show Comments

Extras

Created Mar 3, 2011ReportNominate
Tags:Movie Poster, nasa

Top Quizzes Today


Score Distribution

Your Account Isn't Verified!

In order to create a playlist on Sporcle, you need to verify the email address you used during registration. Go to your Sporcle Settings to finish the process.

Report this User

Report this user for behavior that violates our Community Guidelines.

Details: